000 00361nam a2200109Ia 4500
008 230320s9999||||xx |||||||||||||| ||spa||
082 _aTMI/2007/23
100 _aEspinoza Roa, Miguel Gerardo
245 0 _aSocialización Y Perspectiva Del Diseño De Instrumentos De Evaluación En El Mardo Del Diseño Curricular De Aula
260 _bLima 2007
942 _80
_cLIB
999 _c47466
_d47466